00424nam a2200133Ia 4500003000400000005001700004008004100021040000600062082001900068100002100087245012900108260004100237300001200278OSt20250729162620.0250310s9999||||xx |||||||||||||| ||und|| c. a900.058bS8197 aSteinberg, S. H. 0aThe Statesman's Year-Book: Statistical and Historical Annual of the States of the World for the Year 1960 /cS. H. Steinberg aLondon :bMacmillan & co ltd,c1960. a1675 p.